UITU Library & LRC     

Beginning Mean Stack development (Record no. 27233)

MARC details
000 -LEADER
fixed length control field 00410nam a2200169Ia 4500
008 - FIXED-LENGTH DATA ELEMENTS--GENERAL INFORMATION
fixed length control field 250428s9999 xx 000 0 und d
020 ## - INTERNATIONAL STANDARD BOOK NUMBER
International Standard Book Number 9798460912742
082 ## - DEWEY DECIMAL CLASSIFICATION NUMBER
Classification number 006.78 LIM
100 ## - MAIN ENTRY--PERSONAL NAME
Personal name Lim, Greg
245 #0 - TITLE STATEMENT
Title Beginning Mean Stack development
250 ## - EDITION STATEMENT
Edition statement N/A
260 ## - PUBLICATION, DISTRIBUTION, ETC.
Place of publication, distribution, etc. N/A
Name of publisher, distributor, etc. N/A
Date of publication, distribution, etc. 2021
300 ## - PHYSICAL DESCRIPTION
Extent 167p.
600 ## - SUBJECT ADDED ENTRY--PERSONAL NAME
Personal name Computer Science
650 ## - SUBJECT ADDED ENTRY--TOPICAL TERM
Topical term or geographic name entry element Computer Systems Engineering
942 ## - ADDED ENTRY ELEMENTS (KOHA)
Koha item type Books
Holdings
Withdrawn status Lost status Damaged status Not for loan Collection Home library Current library Date acquired Source of acquisition Cost, normal purchase price Total checkouts Full call number Barcode Date last seen Price effective from Koha item type
        Computer Science UITU Library UITU Library 07/20/2024 Golden Book 10332.16   006.78 LIM Q15835 04/28/2025   Books

Powered by Koha